| 000 | 00596nam a2200181Ia 4500 | ||
|---|---|---|---|
| 008 | 151018s9999 xx 000 0 und d | ||
| 082 |
_bRBASDV48114 _a491.2 |
||
| 100 | _aशर्मा कुमार पाटील | ||
| 245 | _aन्याय दर्शन | ||
| 250 | _b1 | ||
| 260 |
_bहंस प्रकाशन _c2009 |
||
| 300 | _a101 | ||
| 600 | _aशर्मा कुमार पाटील | ||
| 630 | _aन्याय दर्शन | ||
| 700 | _aशर्मा कुमार पाटील | ||
| 730 | _aन्याय दर्शन | ||
| 942 | _cBOOK | ||
| 999 |
_c1047244 _d1047241 |
||